00341nam a2200109Ia 4500008004100000082001600041100003300057245001600090260003400106300001000140650008100150211119s9999||||xx |||||||||||||| ||und|| a920 bNAM-Y aNamboothiri, Vishnunarayanan 0aYathayatham bMathrubhoomiaKozhikoduc2014 a103p. aHistory & geographyvBiography, genealogy & insigniaMalayalamxGeneral Stack